| 000 | 00733na a2200265 4500 | ||
|---|---|---|---|
| 001 | 12721 | ||
| 003 | MIRAKIL | ||
| 005 | 20181213154737.0 | ||
| 008 | 160923b tu 000 0 | ||
| 020 | _a9786051258225 | ||
| 035 | _a12721 | ||
| 040 |
_aMilas _btur _cTR-AnCHP |
||
| 082 |
_a297.61 _bG98h 2014 |
||
| 090 | _a297.61 G98h 2014 | ||
| 100 | _aGüven, Mehmet | ||
| 245 |
_aHz. Ali'nin mucizeleri ve hadisleri _cMehmet Güven |
||
| 246 | _aHz. Alinin mucizeleri ve hadisleri | ||
| 250 | _a4. bs. | ||
| 260 |
_aHatay _bGünışığı Kitaplığı _c2014 |
||
| 300 |
_a174 s. _c20 sm. |
||
| 600 |
_aHz. Ali (Ali bin Ebu Talib) _d599-661 |
||
| 650 | _aİslam önderleri | ||
| 650 |
_aHz. Ali _xHadisler |
||
| 942 |
_2dcc _cBKS |
||
| 999 |
_c170 _d170 |
||